- Derrida, Jacques,
Entry Nombre Personal
001 - NUMERO DE CONTROL
- campo de control: 30374
003 - IDENTIFICADOR DE NUMERO DE CONTROL
- campo de control: UPN
005 - FECHA Y HORA DE LA ÜLTIMA TRANSACCIÓN
- campo de control: 20221125135952.0
008 - DATOS DE LONGITUD FIJA
- campo de control de longitud fija: nabaccnnaabn|||||||||| b |nc|||||d
010 ## - NÚMERO DE CONTROL DE LA BIBLIOTECA DEL CONGRESO
- Número de control LC: n 79092610
016 ## - NÚMERO DE CONTROL DE UNA AGENCIA BIBLIOGRÁFICA NACIONAL
- Número de control del registro: 0014A4990E
024 ## - OTROS IDENTIFICADORES NORMALIZADOS
- Fuente: isni
- Número normalizado o código: 0000000121429146
035 ## - NUMERO DE CONTROL
- Número de control: (OCoLC)oca00324892
040 ## - FUENTE DE CATALOGACIÓN
- Lenguaje de catalogación: spa
- Agencia de transcripción: DLC
- Agencia original de catalogación: DLC
- Agencia que lo modifica: DLC
- Agencia que lo modifica: Uk
- Agencia que lo modifica: NNU
- Agencia que lo modifica: DLC
- Agencia que lo modifica: OCoLC
- Agencia que lo modifica: DLC
- Agencia que lo modifica: UPB
- Agencia que lo modifica: DLC
- Agencia que lo modifica: NL-TiUL
- Agencia que lo modifica: CaOONL
042 ## - CÓDIGO DE AUTENTICACIÓN
- Código de autenticación: nlc
046 ## - FECHAS CON CODIFICACIÓN ESPECIAL
- Fuente del formato de fecha: edtf
- Fecha de nacimiento: 1930-07-15
- Fecha de muerte: 2004-10-08
100 1# - ENCABEZAMIENTO - NOMBRE PERSONAL
- Nombre personal: Derrida, Jacques,
- Fechas asociadas con el nombre: 1930-2004
370 ## - LUGAR ASOCIADO
- Fuente del término: naf
- Place of birth: Algeria
- Place of death: Paris (France)
372 ## - CAMPO DE ACTIVIDAD
- Field of activity: Filosofía
- Field of activity: Lógica
- Field of activity: Deconstrucción
373 ## - GRUPO ASOCIADO
- Fuente del término: naf
- Associated group: Université de Paris
373 ## - GRUPO ASOCIADO
- Fuente del término: naf
- Associated group: École normale supérieure (France)
374 ## - OCUPACIÓN
- Fuente del término: lcsh
- Occupation: Filosofía
- Occupation: Profesor universitario
- Occupation: Autor
375 ## - GÉNERO
- Fuente del término: lcdgt
- Gender: masculino
377 ## - LENGUA ASOCIADA
- Language code: fre
- Language code: eng
400 1# - VEÁSE - NOMBRE DE PERSONA
- Personal name: Derrida, J.
- Fuller form of name: (Jacques)
400 1# - VEÁSE - NOMBRE DE PERSONA
- Personal name: Derida, Žak
400 1# - VEÁSE - NOMBRE DE PERSONA
- Personal name: Derrida, Jackes
400 1# - VEÁSE - NOMBRE DE PERSONA
- Personal name: Derrida, Zhak
400 1# - VEÁSE - NOMBRE DE PERSONA
- Personal name: Deridah, Z’aḳ
670 ## - FUENTE EN LA QUE SE LOCALIZARON DATOS
- Cita de la fuente: T
- Uniform Resource Identifier: http://es.wikipedia.org/wiki/Jacques_Derrida
670 ## - FUENTE EN LA QUE SE LOCALIZARON DATOS
- Cita de la fuente: L’Ecriture et la différence, 1967.
670 ## - FUENTE EN LA QUE SE LOCALIZARON DATOS
- Cita de la fuente: La Faculté de juger, c1985:
- Información localizada: portada (J. Derrida) página 87 (Jacques Derrida)
670 ## - FUENTE EN LA QUE SE LOCALIZARON DATOS
- Cita de la fuente: Tʻal kujojuŭi ŭi ihae, 1988:
- Información localizada: portada (Derida)
670 ## - FUENTE EN LA QUE SE LOCALIZARON DATOS
- Cita de la fuente: La escritura del origen, 1992:
- Información localizada: portada (Jackes Derrida) página 231 (list of works)
670 ## - FUENTE EN LA QUE SE LOCALIZARON DATOS
- Cita de la fuente: Kosmopolitike, 2002:
- Uniform Resource Identifier:
- Información localizada: portada (Žak Derida)
670 ## - FUENTE EN LA QUE SE LOCALIZARON DATOS
- Cita de la fuente: New York times, Oct. 10, 2004
- Información localizada: (Jacques Derrida; French intellectual, philosopher of deconstruction; b. July 15, 1930 in El-Biar, Algeria; taught philosophy and logic at University of Paris and Ecole Normal Supérieure for most of late 1950s into 1980s; d. Friday [Oct. 8] at Paris hospital, aged 74)
670 ## - FUENTE EN LA QUE SE LOCALIZARON DATOS
- Cita de la fuente: Encyclopedia of world biography online, 11 October 2012
- Información localizada: (born July 15, 1930, in El-Biar, Algeria; died of pancreatic cancer, October 8, 2004, in Paris, France; philosopher)
700 16 - ASIENTO LIGADO AL ENCABEZAMIENTO - NOMBRE PERSONAL
- Número de control del registro de autoridad o número normalizado: (CaOONL)ncf10049983
- Personal name: Derrida, Jacques
902 ## - CATALOGADOR
- Catalogador: CAA/140910
902 ## - CATALOGADOR
- Catalogador: NDAF/251122
